[Event "COL-ch"]
[Site "Cartagena"]
[Date "2023.06.08"]
[Round "2"]
[White "Basabe Buelvas, Salvador"]
[Black "Alzate Araujo, Miguel Angel"]
[Result "0-1"]
[WhiteElo "1237"]
[BlackElo "1227"]
[PlyCount "78"]
[EventDate "2023.06.08"]
[EventType "swiss"]
[EventRounds "9"]
[EventCountry "COL"]
[SourceTitle "CBM 215 Extra"]
[Source "ChessBase"]
[SourceDate "2023.09.30"]
[SourceVersion "1"]
[SourceVersionDate "2023.09.30"]
[SourceQuality "1"]

1. e4 e6 2. c4 c6 3. Nc3 Bc5 4. d4 Bb4 5. Bd2 d5 6. cxd5 cxd5 7. exd5 Bxc3 8. Bxc3 Qxd5 9. Nf3 Nf6 10. Be2 0-0 11. 0-0 b6 12. Ne1 Nc6 13. Qd3 Bb7 14. Bf3 Qd6 15. Nc2 Ne5 16. Qd2 Nxf3+ 17. gxf3 Bxf3 18. Ne1 Bd5 19. Bb4 Qc6 20. Nd3 Rfd8 21. Ne5 Qb7 22. f3 Nd7 23. Nxd7 Rxd7 24. Kf2 Bxf3 25. Rg1 Rd5 26. Qe3 Rad8 27. Kxf3 Re5+ 28. Ke2 Rxe3+ 29. Kxe3 Qd5 30. Rad1 f5 31. Rgf1 Qe4+ 32. Kf2 Rxd4 33. Rxd4 Qxd4+ 34. Kg2 Qxb4 35. Rf2 f4 36. h4 e5 37. h5 Qe7 38. Kg1 Qg5+ 39. Rg2 Qxh5 0-1